000 00629nam a22002417a 4500
001 000000002
003 OSt
005 20260601193900.0
008 260505b1995 hk a|||| |||| 00| 0 eng d
020 _a2880462177
040 _aICI
_bSPA
_cICI
041 _aeng
050 _aNC1001
_bG75 1995
245 0 _aThe graphic designer's
264 _aSwitzerland :
_bRotovision,
_cc1995
300 _avolúmenes :
_bilustraciones
336 _2rdacontent
_atexto
337 _2rdamedia
_asin medio
338 _2rdacarrier
_avolumen
505 _tv.9 Index
650 _aArtes gráficas
_vDirectorios
_933625
942 _2lcc
_cB
_n1
999 _c22182
_d22182